| 000 | 01020cab a2200337 4500 | ||
|---|---|---|---|
| 001 | ABS46868 | ||
| 008 | 090401t1992 xxu||||| |||| 00| 0 eng d | ||
| 035 | _a(Sirsi) u59849 | ||
| 041 | _aeng | ||
| 100 | _aHanson, M. | ||
| 245 | _aDesigning houses that people want to buy | ||
| 260 | _c1992 | ||
| 350 | _a0 | ||
| 490 |
_aEstates Gazette _v(9233) 22 August 1992, 52-53(2) |
||
| 520 | _aA round-up of opinions on the design of houses, especially on space and the use of natural materials. | ||
| 650 | _aBUILT ENVIRONMENT-BUILDING MATERIALS | ||
| 650 | _aDESIGN | ||
| 650 | _aHOUSE BUILDERS FEDERATION | ||
| 650 | _aHOUSE BUILDING | ||
| 650 | _aHOUSING CORPORATION | ||
| 650 | _aHOUSING RESEARCH FOUNDATION | ||
| 650 | _aHOUSING | ||
| 650 | _aJOSEPH ROWNTREE FOUNDATION | ||
| 650 | _aNATIONAL FEDERATION OF HOUSING ASSOCIATIONS | ||
| 650 | _aRIBA | ||
| 650 | _aSPACE | ||
| 690 | _aBUILT ENVIRONMENT-CONSTRUCTION DESIGN | ||
| 690 | _aHOUSING-DEVELOPMENT | ||
| 942 | _n0 | ||
| 948 | _c04/03/1997 | ||
| 999 |
_c36806 _d36806 |
||